Marco Stray / (Record no. 195943)

MARC details
000 -LEADER
campo de control de longitud fija 01072nam a2200301 i 4500
001 - NÚMERO DE CONTROL
campo de control 195943
003 - IDENTIFICADOR DE NÚMERO DE CONTROL
campo de control ES-MaACL
005 - FECHA Y HORA DE LA ÚLTIMA TRANSACCIÓN
campo de control 20250804062710.0
008 - DATOS DE LONGITUD FIJA--INFORMACIÓN GENERAL
campo de control de longitud fija 240803s2022 sp 000 0 spa d
017 ## - NÚMERO DE COPYRIGHT O DE DEPÓSITO LEGAL
Número de copyright o de depósito legal SE 2222-2022
020 ## - NÚMERO INTERNACIONAL ESTÁNDAR DEL LIBRO
Número Internacional Estándar del Libro 9788412554359
035 ## - NÚMERO DE CONTROL DEL SISTEMA
Número de control de sistema CCBIP06117131
040 ## - FUENTE DE CATALOGACIÓN
Lengua de catalogación spa
Centro/agencia transcriptor ES-MaACL
100 ## - ENTRADA PRINCIPAL--NOMBRE DE PERSONA
Nombre de persona Hatton Jumelles, Felipe Rafael
9 (RLIN) 237707
Término indicativo de función/relación Autor
245 ## - MENCIÓN DEL TÍTULO
Título Marco Stray /
Mención de responsabilidad, etc. Felipe Rafael Hatton Jumelles.
260 ## - PUBLICACIÓN, DISTRIBUCIÓN, ETC.
Lugar de publicación, distribución, etc. Sevilla :
Nombre del editor, distribuidor, etc. Hilos de Emociones,
Fecha de publicación, distribución, etc. 2022.
300 ## - DESCRIPCIÓN FÍSICA
Extensión 224 pág. :
Dimensiones 21 cm.
336 ## - TIPO DE CONTENIDO
Fuente rdacontent
Término de tipo de contenido texto
337 ## - TIPO DE MEDIO
Fuente rdamedia
Nombre/término del tipo de medio sin mediación
338 ## - TIPO DE SOPORTE
Fuente rdacarrier
Nombre/término del tipo de soporte volumen
655 #0 - TERMINO DE INDIZACIÓN--GENERO/FORMA
Datos o término principal de género/forma Novelas
9 (RLIN) 234319
852 ## - LOCALIZACIÓN
Ubicación ES-MaACL
Sublocalización o colección R.154463
Ubicación en estantería Depósito J
Número de control de estantería N-9067
Anotaciones manuscritas Dedicatoria autógrafa del autor
Donativo/Legado Donación: Editorial
Encuadernación Encuadernación rústica con solapas
itemnumber 204971
903 ## - NOMBRE PERSONAL DE DONANTE
9 237707
a Hatton Jumelles, Felipe Rafael
e Donante
942 ## - ELEMENTOS DE ENTRADA SECUNDARIOS (KOHA)
Tipo de ítem Koha Libro impreso
Suprimir en OPAC No
Holdings
Estatus retirado Estado de pérdida Fuente del sistema de clasificación o colocación Estado de daño No para préstamo Colección Biblioteca de origen Biblioteca actual Ubicación en estantería Fecha de adquisición Fuente de adquisición Total de préstamos Signatura topográfica completa Código de barras Visto por última vez Precio de reemplazo Tipo de ítem Koha
    Clasificación decimal universal     Libros con dedicatorias Biblioteca del Ateneo de Madrid Biblioteca del Ateneo de Madrid Depósito J 06/04/2025 Donación   N-9067 101229582 06/04/2025 06/04/2025 Libro impreso